Fr. Conceicao Rodrigues College of Engineering

Strategic Supply Management (Record no. 22977)

MARC details
000 -LEADER
fixed length control field 00348nam a2200145Ia 4500
082 ## - DEWEY DECIMAL CLASSIFICATION NUMBER
Classification number 658.7/TRE
100 ## - MAIN ENTRY--PERSONAL NAME
Personal name Trent/Robert J.
245 ## - TITLE STATEMENT
Title Strategic Supply Management
260 ## - PUBLICATION, DISTRIBUTION, ETC.
Name of publisher, distributor, etc. Cengage Publishers
Place of publication, distribution, etc. New Delhi
Date of publication, distribution, etc. 2007
300 ## - PHYSICAL DESCRIPTION
Extent 302
546 ## - LANGUAGE NOTE
Language note ENGLISH
650 ## - SUBJECT ADDED ENTRY--TOPICAL TERM
Topical term or geographic name entry element PRODUCTION
654 ## - SUBJECT ADDED ENTRY--FACETED TOPICAL TERMS
Focus term Understanding Supply Management
942 ## - ADDED ENTRY ELEMENTS (KOHA)
Koha item type BOOK
Holdings
Withdrawn status Lost status Damaged status Not for loan Collection Home library Current library Date acquired Total Checkouts Full call number Barcode Date last seen Price effective from Koha item type
        AFT Fr. Agnel's C.Rodrigues College of Engineering Fr. Agnel's C.Rodrigues College of Engineering 17/03/2023   658.7/TRE AFT8155 17/03/2023   BOOK